LIBRARY & INFORMATION CENTRE, KCAET, TAVANUR

ONLINE PUBLIC ACCESS CATALOGUE (OPAC)

Wind Energy : Resource survey in India, Vol 1 / (Record no. 2022)

MARC details
000 -LEADER
fixed length control field 00345cam a2200133ua 4500
020 ## - INTERNATIONAL STANDARD BOOK NUMBER
ISBN 81-7023-297-X
082 ## - DEWEY DECIMAL CLASSIFICATION NUMBER
Classification number 333.794
Item number ANN/WI
100 ## - MAIN ENTRY--AUTHOR NAME
Personal name Anna mani, .
245 ## - TITLE STATEMENT
Title Wind Energy : Resource survey in India, Vol 1 /
250 ## - EDITION STATEMENT
Edition statement 1 /
260 ## - PUBLICATION, DISTRIBUTION, ETC. (IMPRINT)
Place of publication Mumbai :
Name of publisher Allied Publishers Pvt Ltd ,
Year of publication 1990.
300 ## - PHYSICAL DESCRIPTION
Number of Pages 347 ; .
942 ## - ADDED ENTRY ELEMENTS (KOHA)
Koha item type Reference
Holdings
Withdrawn status Lost status Damaged status Home library Current library Date acquired Full call number Accession Number Koha item type
      KAUAET   07/04/2012 621.312 360 723 54 19394 Books
      KAUAET KAUAET 07/04/2012 621.312 360 723 54 17700 Books
free website counter